LEADER 01388nam0 22003011i 450 001 VAN00037103 005 20240806100403.419 010 $a35-406-3070-8 100 $a20050614d1999 |0itac50 ba 101 $aeng 102 $aDE 105 $a|||| ||||| 200 1 $aComputer simulation of dynamic phenomena$fM. L. Wilkins 210 $aBerlin$cSpringer$d1999 215 $aXVI, 246 p.$d24 cm 410 1$1001VAN00034242$12001 $aScientific computation$1210 $aBerlin$cSpringer$d1977- 500 1$3VAN00244271$aComputer simulation of dynamic phenomena$9186660 620 $dBerlin$3VANL000066 700 1$aWilkins$bMark L.$3VANV030950$042804 712 $aSpringer $3VANV108073$4650 801 $aIT$bSOL$c20240906$gRICA 856 4 $uhttps://link.springer.com/content/pdf/bfm:978-3-662-03885-7/1?pdf=chapter%20toc$zhttps://link.springer.com/content/pdf/bfm:978-3-662-03885-7/1?pdf=chapter%20toc 856 4 $uhttps://link.springer.com/book/10.1007/978-3-662-03885-7$zhttps://link.springer.com/book/10.1007/978-3-662-03885-7 899 $aBIBLIOTECA DEL DIPARTIMENTO DI INGEGNERIA$1IT-CE0100$2VAN05 912 $aVAN00037103 950 $aBIBLIOTECA DEL DIPARTIMENTO DI INGEGNERIA$d05PREST D 447 $e05 3514 20050614 996 $aComputer simulation of dynamic phenomena$9186660 997 $aUNICAMPANIA